<?xml version="1.0" encoding="UTF-8"?>
<record
    xmlns:xsi="http://www.w3.org/2001/XMLSchema-instance"
    xsi:schemaLocation="http://www.loc.gov/MARC21/slim http://www.loc.gov/standards/marcxml/schema/MARC21slim.xsd"
    xmlns="http://www.loc.gov/MARC21/slim">

  <leader>01881    a2200193   4500</leader>
  <controlfield tag="001">53259</controlfield>
  <controlfield tag="005">20260407155807.0</controlfield>
  <controlfield tag="008">260407a    arg                 spa d    </controlfield>
  <controlfield tag="003">AR-UNSa-BCEJYS</controlfield>
  <datafield tag="040" ind1=" " ind2=" ">
    <subfield code="a">AR-UNSa-BCEJYS</subfield>
    <subfield code="b">spa</subfield>
    <subfield code="c">AR-UNSa-BCEJYS</subfield>
  </datafield>
  <datafield tag="080" ind1=" " ind2=" ">
    <subfield code="a">336.71</subfield>
    <subfield code="x">Bancos. Sistema bancario </subfield>
  </datafield>
  <datafield tag="245" ind1="1" ind2="0">
    <subfield code="a">Banco interamericano de desarrollo</subfield>
    <subfield code="p">sus antecedentes y creaci&#xF3;n</subfield>
  </datafield>
  <datafield tag="264" ind1=" " ind2="1">
    <subfield code="a">Washington :</subfield>
    <subfield code="b">Banco Interamericano de Desarrollo</subfield>
  </datafield>
  <datafield tag="300" ind1=" " ind2=" ">
    <subfield code="a">160 p.</subfield>
    <subfield code="c">23 cm.</subfield>
  </datafield>
  <datafield tag="505" ind1=" " ind2=" ">
    <subfield code="a">1. La idea de creaci&#xF3;n de un organismo financiero regional en las conferencias panamericanas(1890-1938) - 2. El proyecto de Banco Interamericano del comit&#xE9; consultivo econ&#xF3;mico y financiero(1940) - 3. Los acuerdos de Bretton Woods(1994) y su impacto en la creaci&#xF3;n del Banco Interamericano - 4. Esbozo sobre la nueva orientaci&#xF3;n econ&#xF3;mica en las conferencias panamericanas (1945-1954) - 5. Los informes t&#xE9;cnicos elevados a la reuni&#xF3;n de los ministros de hacienda o econom&#xED;a en petr&#xF3;polis(Quitandinha,Brasil, 1954) - 6. La reuni&#xF3;n de los ministros de hacienda o econom&#xED;a en Petr&#xF3;poliS, Quitandinha,Brasil(22 de Noviembre al 2 de Diciembre de 1954 - 7. El proyecto de convenio del Banco Interamericano de desarrollo Econ&#xF3;mico de la comisi&#xF3;n de expertos(1955)"Proyecto de Santiago" - 8. Las iniciativas formuladas en el Bienio 1956-57 referentes al establecimiento de un organismo financiero regional - 9. Antecedentes del a&#xF1;o 1958 sobre la creaci&#xF3;n del Banco Interamericano - 10. La negociaci&#xF3;n y redacci&#xF3;n del convenio constitutivo del Banco Interamericano de Desarrollo (8 de enero-8 de Abril de 1959) - 11. La comisi&#xF3;n preparatoria del Banco Interamericano de Desarrollo (15 de septiembre de 1959 al 2 de febreo de 19609 y la primera asamblea de gobernadores (3 al 16 de febrero de 1960)</subfield>
  </datafield>
  <datafield tag="942" ind1=" " ind2=" ">
    <subfield code="c">BK</subfield>
  </datafield>
  <datafield tag="590" ind1=" " ind2=" ">
    <subfield code="a">niveau_biblio:m niveau_hierar:0</subfield>
  </datafield>
  <datafield tag="100" ind1="1" ind2=" ">
    <subfield code="a">Broide, Julio</subfield>
  </datafield>
  <datafield tag="999" ind1=" " ind2=" ">
    <subfield code="c">5163</subfield>
    <subfield code="d">5163</subfield>
  </datafield>
  <datafield tag="952" ind1=" " ind2=" ">
    <subfield code="0">0</subfield>
    <subfield code="1">0</subfield>
    <subfield code="4">0</subfield>
    <subfield code="7">0</subfield>
    <subfield code="a">BCEJYS</subfield>
    <subfield code="b">BCEJYS</subfield>
    <subfield code="c">16</subfield>
    <subfield code="d">2026-04-07</subfield>
    <subfield code="l">0</subfield>
    <subfield code="o">336.71 B863</subfield>
    <subfield code="p">L20227</subfield>
    <subfield code="r">2026-04-07 15:58:07</subfield>
    <subfield code="w">2026-04-07</subfield>
    <subfield code="y">L</subfield>
  </datafield>
</record>
